Представление документа в формате RUSMARC

ПолеНазваниеЗначение
  Тип записи a
  Библиографический уровень m
001 Контрольный номер a83e140467564817b5a9fdf3dcd72c8d
005 Дата корректировки 20201206205149.0
010 Индекс ISBN __
a ISBN 978-5-9691-1706-8 (в пер.)
d Цена 903-33, 2000 экз.
100 Данные общей обработки __
a Данные общей обработки 19181107d2018||||||| 0rusy0189 ca
101 Язык документа 0_
a Язык текста rus
102 Страна публикации __
a Страна публикации ru
102 Страна публикации __
a Страна публикации RU
105 Кодированные данные (монография) __
a Кодированные данные (монография) |||a||||000zy
200 Заглавие и сведения об ответственности 1_
a Заглавие Радуга и Вереск
e Сведения, относящиеся к заглавию [роман]
f Первые сведения об ответственности Олег Ермаков
b Общее обозначение материала Текст
210 Выходные данные __
a Место издания Москва
c Издательство Время
d Дата издания 2018
215 Физическое описание __
a Объем 733, [2] с.
d Формат 17 см
225 Серия __
a Серия Самое время
330 Аннотация __
a Аннотация Этот город на востоке Речи Посполитой поляки называли замком. А русские - крепостью на западе своего царства. Здесь сходятся Восток и Запад. Весной 1632 года сюда приезжает молодой шляхтич Николаус Вржосек. А в феврале 2015 года - московский свадебный фотограф Павел Косточкин. Оба они с любопытством всматриваются в очертания замка-крепости. Что их ждет здесь? Обоих ждет любовь: одного - к внучке иконописца и травника, другого - к чужой невесте. И конечно, сражения и приключения на улочках Смоленска, в заснеженных полях и непролазных лесах. Две частные истории, переплетаясь, бросают яркие сполохи, высвечивающие уже историю не частную - историю страны. И легендарная летопись Радзивила, созданная, скорее всего, в Смоленске и обретенная героями романа, дает возможность почувствовать дыхание еще более отдаленных времен, ведь недаром ее миниатюры называют окнами в мир Древней Руси. Ну а окнами в мир современности оказываются еще черно-белые фотографии Павла Косточкина. Да и в них тоже.
333 Примечание о целевом назначении __
a Примечание о целевом назначении 16+. Для детей старше 16 лет
606 Тематические рубрики __
a Основная рубрика Художественная литература
606 Тематические рубрики __
a Основная рубрика Современная русская литература (произведения)
610 Ключевые слова __
a Ключевые слова тема любви
610 Ключевые слова __
a Ключевые слова романы
610 Ключевые слова __
a Ключевые слова проза
610 Ключевые слова __
a Ключевые слова тема сражений
610 Ключевые слова __
a Ключевые слова тема приключений
610 Ключевые слова __
a Ключевые слова тема истории
610 Ключевые слова __
a Ключевые слова исторические романы
610 Ключевые слова __
a Ключевые слова современная проза
686 Индексы других классификаций __
2 Код системы rubbks
a Классификационный индекс 84(2=411.2)6-4; ст84(2Рос=Рус)6-4
700 Автор _1
a Фамилия Ермаков
b Имя О. Н.
f Даты 1961-
g Полное личное имя Олег Николаевич
4 Код отношения 070
801 Источник записи _0
a Страна ru
b Организация Муниципальное бюджетное учреждение культуры "Централизованная библиотечная система" г. Сургут (Центральная городская библиотека им. А. С. Пушкина)
c Дата составления 20181107
g Правила каталогизации PSBO
801 Источник записи _1
a Страна ru
b Организация Муниципальное бюджетное учреждение культуры "Централизованная библиотечная система" г. Сургут (Центральная городская библиотека им. А. С. Пушкина)
c Дата составления 20181107
g Правила каталогизации PSBO
852 Данные о местонахождении __
j Шифр хранения 84(2=411.2)6-4
i Авторский знак Е 72
901 Тип документа __
t Тип документа m
a Ответственный ООФиК/Волкова
903 Характеристики (МАРС) __
a Дата передачи 20181107
990 Данные о заказе (DOS) __
j Количество экземпляров (DOS) 6
t N записи в КСУ для И/У (DOS) 201811